Statistics for 10 стран Африки по территории

Click here to take the quiz!

General Stats

  • This quiz has been taken 2 894 times
  • The average score is 8 of 10

Answer Stats

Площадь (км²)Страна% Correct
2 381 740Алжир
96%
1 219 910Южно-Африканская Республика
89%
1 267 000Нигер
83%
2 345 410Демократическая Республика Конго
81%
1 759 540Ливия
77%
1 886 070Судан
74%
1 284 000Чад
70%
1 127 130Эфиопия
64%
1 246 700Ангола
60%
1 240 000Мали
60%

Score Distribution

Percentile by Number Answered

Percent of People with Each Score

Your Score History

You have not taken this quiz